Fifty States True or False - Statistics

General Stats
  • This quiz has been taken 1,108 times
  • The average score is 9 of 16
Answer Stats
Question Answer % Correct
New York is the #1 apple producing state False
84%
The Mississippi River flows through Minnesota True
71%
Rocky Mountain National Park is located in Colorado True
71%
There are no Ivy League schools in Maine True
70%
The Seahawks are the name of San Francisco's football team False
66%
Florida is the southernmost of the lower 48 states True
66%
North Dakota borders Saskatchewan, Canada True
64%
There are more U.S states where the capital IS the largest city, then where it ISN'T False
63%
Hawaii is slightly larger than Massachusetts True
63%
The first state admitted to the union after the Thirteen Colonies was Ohio False
59%
Hawaii and Alaska are the only states with active volcanoes False
59%
West Virginia receives the least tourism of any state True
57%
If you count both water and land area, Rhode Island is not the smallest state False
52%
North Carolina shares a border with Georgia True
48%
About 50% of Nevada is Federal Land False
30%
Arizona has the hottest state-wide average temperature of any state False
23%
No matching quizzes found
Score Distribution
Percent of People with Each Score
Percentile by Number Answered
Your Score History
You have not taken this quiz